000 00675nam a22002057a 4500
003 OSt
005 20260212060240.0
008 260212b |||||||| |||| 00| 0 eng d
020 _a0-07-111547-1.
040 _aDWC-Main lib
_cOC
082 _24th edition
_aGR. 658 G348c 2006
100 _aGeorge, Jennifer M.
245 _aContemporary management :
_bcreating value in organizations
_cJennifer M. George
260 _aN. Y. :
_bMcGraw-Hill/Irwin,
_cc2006.
300 _axxvii, 728 pages :
_bcolored illustration ;
_c25 cm.
504 _aIncludes bibliographical references.
650 _a1. Management.
700 _aJones, Gareth R.
942 _2ddc
_cGR
_e4th ed.
_kGR.
_n0
999 _c8370
_d8370